The Interlinear KJV Parallel New Testament in Greek and English based on the majority text with Lexicon and Synonyms / (Record no. 6953)
[ view plain ]
| 000 -LEADER | |
|---|---|
| fixed length control field | 00616nam a22001817a 4500 |
| 003 - CONTROL NUMBER IDENTIFIER | |
| control field | GBCCL |
| 005 - DATE AND TIME OF LATEST TRANSACTION | |
| control field | 20241126110616.0 |
| 008 - FIXED-LENGTH DATA ELEMENTS--GENERAL INFORMATION | |
| fixed length control field | 180704b ||||| |||| 00| 0 eng d |
| 020 ## - INTERNATIONAL STANDARD BOOK NUMBER | |
| International Standard Book Number | 0310393809 |
| 040 ## - CATALOGING SOURCE | |
| Transcribing agency | gbc |
| 082 ## - DEWEY DECIMAL CLASSIFICATION NUMBER | |
| Classification number | 225.486 |
| Item number | BER |
| 100 ## - MAIN ENTRY--PERSONAL NAME | |
| Personal name | Berry, George Ricker |
| 9 (RLIN) | 12377 |
| 245 ## - TITLE STATEMENT | |
| Title | The Interlinear KJV Parallel New Testament in Greek and English based on the majority text with Lexicon and Synonyms / |
| Statement of responsibility, etc. | George Ricker Berry |
| 260 ## - PUBLICATION, DISTRIBUTION, ETC. | |
| Place of publication, distribution, etc. | Grand Rapids: |
| Name of publisher, distributor, etc. | Zondervan Publishing House, |
| Date of publication, distribution, etc. | 1897 |
| 300 ## - PHYSICAL DESCRIPTION | |
| Extent | vii, 670, vi, 137 p.; |
| Dimensions | 24 cm. |
| 650 ## - SUBJECT ADDED ENTRY--TOPICAL TERM | |
| Topical term or geographic name entry element | Bible |
| Form subdivision | New Testament |
| General subdivision | Greek |
| 9 (RLIN) | 12362 |
| 942 ## - ADDED ENTRY ELEMENTS (KOHA) | |
| Source of classification or shelving scheme | Dewey Decimal Classification |
| Koha item type | Reference Books |
| Withdrawn status | Lost status | Source of classification or shelving scheme | Damaged status | Not for loan | Home library | Current Library | Shelving location | Date acquired | Total checkouts | Full call number | Barcode | Date last seen | Copy number | Price effective from | Koha item type |
|---|---|---|---|---|---|---|---|---|---|---|---|---|---|---|---|
| Dewey Decimal Classification | GRACE BIBLE COLLEGE | GRACE BIBLE COLLEGE | Language | 2018-07-04 | 225.486 BER | 006157 | 2025-05-01 | c.1 | 2018-07-04 | Language |